| 000 | 01297nmm a2200349 a 4500 | ||
|---|---|---|---|
| 001 | ocm0002145966 | ||
| 003 | TR-IsHL | ||
| 005 | 20201028182705.0 | ||
| 008 | 190206s2016 tu tur | ||
| 007 | cr cn | ||
| 020 | _a9786053273134 | ||
| 035 |
_a2145966 _b(N$T) |
||
| 050 | 0 | 4 |
_aHB74.P8 _bE73 2016 |
| 090 | 0 | 4 |
_aHB74.P8 _bE73 2016 |
| 100 | 1 | _aErdoğan, Meltem | |
| 245 | 1 | 0 |
_aDavranışsal iktisat açısından lüks tüketim materyalizm sosyo-ekonomik statü ve dini değerler _h[electronic resource] / _cMeltem Erdoğan |
| 260 |
_aBursa : _bEkin Basım Yayın Dağıtım, _c2016 |
||
| 300 | _a136 p. | ||
| 500 | _aKaynakça var. | ||
| 650 | 4 | _aEkonomi ve Finans | |
| 650 | 4 | _aEconomics and Finance | |
| 650 | 0 |
_aEkonomi _x Psikolojik yönler |
|
| 650 | 0 |
_aEconomics _x Psychological aspects |
|
| 650 | 0 |
_aEkonomi _x Sosyolojik yönleri |
|
| 650 | 0 |
_aEconomics _x Sociological aspects |
|
| 650 | 0 |
_aEkonomik kalkınma _x Sosyolojik yönleri |
|
| 650 | 0 |
_aEconomic development _x Sociological aspects |
|
| 650 | 0 |
_aEkonomi _x Ahlaki yönler |
|
| 650 | 0 |
_aEconomics _x Moral and ethical aspects |
|
| 650 | 7 |
_aBUSINESS & ECONOMICS / Business Ethics _2bisacsh |
|
| 856 | 4 | 0 | _uhttp://search.ebscohost.com/login.aspx?direct=true&scope=site&db=e011xww&AN=2145966 |
| 999 |
_c20187 _d20187 |
||